| 000 | 00600cam a22002052 4500 | ||
|---|---|---|---|
| 001 | 0000024280 | ||
| 005 | 20151217155915.0 | ||
| 008 | 130624s xx 000 0 eng d | ||
| 020 | _a9966251073 : | ||
| 040 |
_aKABU _cKABU |
||
| 100 | 1 |
_aRuganda, John. _@0000152258 |
|
| 245 | 1 | 0 |
_aIgereka and other African narratives / _cJohn Ruganda. |
| 250 | _a1st ed. | ||
| 260 |
_aNairobi : _bE. A. E. P., _c2002. |
||
| 300 | _a159 p. | ||
| 650 | 0 |
_aUganda fiction (English) _@0000184268 |
|
| 852 | 1 | _9p405 KES | |
| 908 | _a130624 | ||
| 950 | _@1 | ||
| 999 |
_c13912 _d13912 |
||